<?xml version="1.0" encoding="UTF-8"?>
<collection xmlns="http://www.loc.gov/MARC21/slim">
    <record>
        <controlfield tag="001">67341</controlfield>
        <controlfield tag="005">20180223094854.0</controlfield>
        <datafield tag="037" ind1=" " ind2=" ">
            <subfield code="a">GDOC-2016-30612</subfield>
        </datafield>
        <datafield tag="041" ind1=" " ind2=" ">
            <subfield code="a">spa</subfield>
        </datafield>
        <datafield tag="100" ind1=" " ind2=" ">
            <subfield code="0">(orcid)0000-0003-4045-5918</subfield>
            <subfield code="1">128932</subfield>
            <subfield code="a">Garcés Ayerbe, Concepción</subfield>
        </datafield>
        <datafield tag="245" ind1="0" ind2="0">
            <subfield code="9">30612</subfield>
            <subfield code="a">Organización y gestión interna</subfield>
        </datafield>
        <datafield tag="260" ind1=" " ind2=" ">
            <subfield code="a">Zaragoza</subfield>
            <subfield code="b">Universidad de Zaragoza</subfield>
            <subfield code="c">2016-2017</subfield>
        </datafield>
        <datafield tag="520" ind1=" " ind2=" ">
            <subfield code="a">Breve presentación de la asignatura
La asignatura “ORGANIZACIÓN Y GESTIÓN INTERNA” pretende que el alumno conozca y comprenda la naturaleza económica y la razón de ser de la organización intermedia denominada empresa y comprenda los aspectos básicos del problema de diseño organizativo, así como las principales soluciones propuestas.
Se trata de una asignatura vinculada al Departamento de Dirección y Organización de Empresas, que tiene una asignación de 6 créditos (ECTS) y que se imparte con carácter obligatorio en el primer semestre del segundo curso del Grado de Administración y Dirección de Empresas, (6 grupos en el campus Plaza Paraíso de Zaragoza, 1 grupo en el campus de Huesca y 1 grupo en el campus de Teruel), y un grupo en tercero, primer semestre, del Programa Conjunto ADE-Derecho (1 grupo en el campus Plaza Paraíso).</subfield>
            <subfield code="b"> </subfield>
        </datafield>
        <datafield tag="521" ind1=" " ind2=" ">
            <subfield code="9">154</subfield>
            <subfield code="a">PCEO Grado en Derecho / Grado en Administración y Dirección de Empresas</subfield>
        </datafield>
        <datafield tag="540" ind1=" " ind2=" ">
            <subfield code="a">by-nc-sa</subfield>
            <subfield code="b">Creative Commons</subfield>
            <subfield code="c">3.0</subfield>
            <subfield code="u">http://creativecommons.org/licenses/by-nc-sa/3.0/</subfield>
        </datafield>
        <datafield tag="700" ind1=" " ind2=" ">
            <subfield code="0">(orcid)0000-0002-0527-4698</subfield>
            <subfield code="1">143683</subfield>
            <subfield code="a">Giner Bagüés, Enrique</subfield>
        </datafield>
        <datafield tag="830" ind1=" " ind2=" ">
            <subfield code="9">432</subfield>
        </datafield>
        <datafield tag="856" ind1="4" ind2=" ">
            <subfield code="s">19159</subfield>
            <subfield code="u">http://zaguan.unizar.es/record/67341/files/guia-30612-es.pdf</subfield>
            <subfield code="y">Guía (idioma español)</subfield>
        </datafield>
        <datafield tag="856" ind1="4" ind2=" ">
            <subfield code="s">6281</subfield>
            <subfield code="u">http://zaguan.unizar.es/record/67341/files/guia-30612-en.pdf</subfield>
            <subfield code="y">Guide (english)</subfield>
        </datafield>
        <datafield tag="970" ind1=" " ind2=" ">
            <subfield code="a">GDOC-2016-30612</subfield>
        </datafield>
        <datafield tag="980" ind1=" " ind2=" ">
            <subfield code="a">GDOC</subfield>
            <subfield code="b">Ciencias sociales y jurídicas</subfield>
            <subfield code="c">102</subfield>
        </datafield>
        <datafield tag="980" ind1=" " ind2=" ">
            <subfield code="a">GDOC</subfield>
            <subfield code="b">Ciencias sociales y jurídicas</subfield>
            <subfield code="c">109</subfield>
        </datafield>
    </record>

    
</collection>